Statistiken für Länder mit dem höchstem Durschnittseinkommen

Klicken Sie hier um das Quiz zu spielen!

Allgemein

  • Dieses Quiz wurde 260 mal gespielt
  • Das Durchschnittsergebnis liegt bei 9 aus 15

Antwortstatistiken

Durschn. Einkommen pro MonatAntwortKontinent% Korrekt
4.998 €USANordamerika
98%
6.384 €SchweizEuropa
88%
5.910 €NorwegenEuropa
83%
4.195 €SchwedenEuropa
82%
3.770 €FinnlandEuropa
77%
4.812 €DänemarkEuropa
76%
6.214 €LuxemburgEuropa
74%
4.028 €AustralienAustralien
72%
3.889 €NiederlandeEuropa
61%
4.510 €SingapurAsien
58%
4.471 €IslandEuropa
54%
5.363 €IrlandEuropa
50%
4.390 €KatarAsien
45%
3.837 €Hong KongAsien
12%
8.629 €BermudaNordamerika
5%

Verteilung der Resultate

Perzentil nach korrekt beantworteten Fragen

Anzahl Personen mit jedem Resultat

Ihre Resultats-Entwicklung

Sie haben dieses Quiz noch nicht gespielt